000 00591nam a2200217Ia 4500
005 20230623083502.0
008 131103s9999 xx 000 0 und d
020 _a827800223
040 _aLoreto College
041 _aEnglish
082 _a301.152
_bEGA
100 _aReichert,Richard
245 _aSelf - awareness through group dynamics
_cRichard Reichert
260 _aOhio
_bPflaum/Standard
_c1970
300 _aviii,162 p.
504 _aIncludes bibliographical references and index
650 _aSociology
651 _aSocial Interaction
850 _aLCLIB
942 _cBK
999 _c11238
_d61717